Racionalizace systému vnitropodnikového řízení /

Salvato in:
Dettagli Bibliografici
Autore principale: Hradecký, Mojmír (xxx)
Natura: Libro
Lingua:ceco
Pubblicazione: Praha : SNTL, 1984
Edizione:1. vyd.
Soggetti:
Tags: Aggiungi Tag
Nessun Tag, puoi essere il primo ad aggiungerne!!

MARC

LEADER 00000nam a22000003a 4500
001 stu41241
005 20150617225722.3
008 931117s1984----cs------------------cze-d
040 |a STU  |b slo 
041 0 |a cze 
044 |a cs 
080 |a 65.012.43  |7 stu_us_auth*stu3366 
100 1 |a Hradecký, Mojmír  |4 xxx 
245 1 |a Racionalizace systému vnitropodnikového řízení /  |c Mojmír Hradecký a kol 
250 |a 1. vyd. 
260 |a Praha :  |b SNTL,  |c 1984 
300 |a 197 s 
650 7 |a Riadenie vnútropodnikové  |2 stusub 
650 7 |a racionalizácia  |2 stusub 
996 |b 284M045853  |c M*565-2  |l MMKN  |s A  |a 24  |w stu41241_0001